000 00810nam a2200265Ia 4500
003 GCL
008 140319s9999 xx 000 0 ara d
040 _aGCL /
_cGCL
082 0 4 _a709.9566
_bع ب
100 1 _aعصمت داوستاشى
245 1 0 _aبينالى الاسكندرية :
_bاربعون عاما 1994-1955 : دراسة تاريخية /
_cعصمت داوستاشى
260 _aالقاهرة :
_bبينالى الاسكندرية ،
_c1994
300 _a435،14 ص:
_bايض ؛
_c24 سم
490 _a
650 0 4 _aمصر
650 0 4 _aالفنون الجميلة
650 0 4 _aالفن
650 0 4 _aالنحت
650 0 4 _aالرسم
650 0 4 _aالزخرفة
650 0 4 _aالتصوير
650 0 4 _aمعارض
650 0 4 _aتاريخ ونقد
942 _2ddc
_cBK
999 _c29947
_d29947